000 00734nam a2200277Ia 4500
005 20260324125050.0
008 008 260324s9999 xx 000 0 eng d
020 _a9780429112089
037 _aEBOOK
040 _aCRL
040 _beng
040 _cCRL
041 _2eng
041 _aeng
084 _qCRL
100 _aUlo Langel; Sherry Niessen; Tiit Land; N.G.H. von Heijne; Benjamin F. Cravatt; Astrid Graslund; Matjaz Zorko
_91176562
245 0 _aIntroduction to Peptides and Proteins
260 _bTaylor and Francis
260 _c2009
365 _a
365 _b385
856 _uhttp://www.taylorfrancis.com/books/9780429112089
942 _cEBOOK
999 _c1771494
_d1771494